02358nam a22002417a 4500003000400000005001700004008004100021020001800062040000800080082001800088100002800106245005300134260004500187300001700232520159700249650002201846650002501868650004201893650003201935942001201967999001901979952011801998OSt20260423155046.0260423b |||||||| |||| 00| 0 eng d a9783031964831 ckul a616.079 DAE.E aDaëron, Marc. 913772 aEndless Immunity: bRethinking the Immune System aSwitzerland: bSpringer Nature, c2025.  axxii, 303p.  aThis book takes the reader on an inspiring journey into the immune system, challenging long-held beliefs about immunity. It examines the immune system under historical, philosophical and biological perspectives. It proposes a new way of understanding immunity that goes beyond the binary opposition between self and non-self. Indeed, we, the livings, are chimeras. Mammals, birds, reptiles or fish, insects, spiders or mollusks, plants or algae, we are all made up of a community of living beings who share their lives in the same 'meta-organism'. If we live together, it is because we need each other to live, and if we can live together, it is because an immune system makes it possible, by adapting us to them and by adapting them to us. From this mutual adaptation a new kind of immunity emerges, dynamic, relational, never acquired, an endless immunity. Immunity that this system makes possible is not perfect, far from it, it is a compromise which does not always prevent disease; sometimes it even causes it. Disease is the cost of immunity. Because what the immune system enables is much more essential than the defense of the organism, it is the very existence of the meta-organism that we are. Immunity is more than a protection; it is a condition of existence. With its didactic structure and accessible style, this book is an essential resource for anyone interested in understanding immunity and the immune system. It offers different levels of complexity from which the reader can choose, depending on his or her background, without compromising the main message of the text.  aImmunology913773 aImmune System913774 aEvolution of the Immune System913775 aMedical Microbiology913776 2ddccBK c758953d758953 00102ddc4070aCAMPUSbCAMPUScGENd2026-04-23l0o616.079 DAE.EpUCL35777r2026-04-23 15:51:21w2026-04-23yBK